UBT Library

Breaking away : (Record no. 959)

000 -LEADER
fixed length control field 00679nam a22002177a 4500
008 - FIXED-LENGTH DATA ELEMENTS--GENERAL INFORMATION
fixed length control field 150601b xxu||||| |||| 00| 0 eng d
020 ## - INTERNATIONAL STANDARD BOOK NUMBER
International Standard Book Number 9780071753944
041 0# - LANGUAGE CODE
Language code of text/sound track or separate title eng
080 ## - UNIVERSAL DECIMAL CLASSIFICATION NUMBER
Universal Decimal Classification number 658 ODE
100 ## - Rafti
Rafti Stevenson, Jane,
100 ## - Rafti
-- 1962-
245 10 - TITLE STATEMENT
Title Breaking away :
Statement of responsibility, etc Jane Stevenson, Bilal Kaafarani.
260 ## -
-- New York :
-- McGraw-Hill,
-- c2011.
300 ## -
-- 234 f
-- me il
-- 24 cm.
500 ## -
-- index
500 ## -
-- bibliografia
650 ## -
-- Creative ability in business.
650 ## -
-- New products.
650 ## -
-- Leadership.
700 ## -
-- Kaafarani, Bilal.
942 ## - ADDED ENTRY ELEMENTS (KOHA)
Source of classification or shelving scheme
Item type Books
Holdings
Withdrawn status Lost status Source of classification or shelving scheme Damaged status Not for loan Collection code Permanent location Current location Shelving location Date acquired Total Checkouts Full call number Date last seen Price effective from Koha item type Barcode
          Koleksioni i përgjithshem UBT - Lipjan UBT - Lipjan Koleksioni i përgjithshem 06/01/2015   658 STE 06/01/2015   Books 002-008058
          Koleksioni i përgjithshem UBT - Lipjan UBT - Lipjan Koleksioni i përgjithshem 09/30/2015   658 STE 09/30/2015 09/30/2015 Books 002-008057
          Koleksioni i përgjithshem UBT - Lipjan UBT - Lipjan Koleksioni i përgjithshem 12/08/2015   658 STE 12/08/2015 12/08/2015 Books 002-008754
          Koleksioni i përgjithshem UBT - Prishtine UBT - Prishtine Koleksioni i përgjithshem 06/01/2015   658 STE 06/01/2015 06/01/2015 Books  
UBT Library © 2015-2024. All rights reserved University Education for Business and Technology